000 00417nam a2200181Ia 4500
001 14272
005 20260306164902.0
008 260306t2009||||xx |||||||||||||| ||spa||
041 _aESP
082 _a510.33
_bL32 T. 1
100 _aLázaro Carrión, Moisés
_eAUT
245 0 _aMatemática para economistas
260 _c2009
300 _a
_c
650 _aGEN
654 _aCMA
942 _cLIB
_dJUS
_fJUS
_2ddc
_n
999 _c14272
_d14272